Slownik transportowy polsko-rosyjsko-niemiecki i rosyjsko-polsko-niemiecki [A... Z]

Saved in:
Bibliographic Details
Main Author: Witkowski, Andrzej
Format: Book
Language:Polish
Russian
German
Published: Warszawa Polskie Wydawnictwo Transportowe 1999
Subjects:
Tags: Add Tag
No Tags, Be the first to tag this record!

MARC

LEADER 00000nam a2200000 4500
001 c120096
005 20240104114615.6
020 |a 83-906065-4-2 
041 0 |a pol 
041 0 |a rus 
041 0 |a ger 
044 |a PL 
245 1 0 |a Slownik transportowy polsko-rosyjsko-niemiecki i rosyjsko-polsko-niemiecki  |b [A... Z]  |c Andrzej Witkowski 
264 1 |a Warszawa  |b Polskie Wydawnictwo Transportowe  |c 1999 
300 |a 565 s. 
610 2 0 |a doprava 
610 2 0 |a jazykoveda 
610 2 0 |a terminológia 
100 1 |a Witkowski, Andrzej